Trouvez les chansons de l'année 2010 - Statistiques

Statistiques générales
  • Ce quiz a été pris 1 262 fois
  • Le résultat moyen est 4 sur 10
Statistiques - réponses
Paroles Chansons % Correct
"Qui dit étude dit travail, qui dit taf te dit les thunes, qui dit argent dit dépenses, qui dit crédit dit créance, qui dit dette te dit huissier, et lui dit assis dans la merde" Alors on danse - Stromae
94%
"J'en ai marre de vos bonnes manières, c'est trop pour moi, moi je mange avec les mains et j'suis comme ça, j'parle fort et je suis franche, excusez-moi" Je veux - Zaz
85%
"J'ai pas la sagesse de Gandhi, l'assurance de Mohamed Ali, j'ai pas l'âme d'un gangster, la bonté de l'Abbé Pierre, ni le ra de Guevara" Soulman - Ben l'oncle soul
71%
"Moi aussi les frères j'vais me barrer, rejoindre tous les miens les dingaris, Paris c'est Alcatraz, marre de toutes ces amendes et de ces tas d'paperasse" Désolé - Sexion d'assaut
45%
"Ce qui me plaît chez toi, c'est ton petit bidon, tes petites poignées d'amour je trouve ça trop mignon, même si les autres dans la rue te trouvent un peu trop gras, pour moi c'est confortable quand tu me prends dans tes bras" Mignon mignon - René la Taupe
40%
"Comment te dire ? Je veux pas te mentir, tu m'attires, et c'est là que se trouve le vrai fond du problème, ton orgueil, tes caprices, tes baisers tes délices" Je ne sais pas - Joyce Jonathan
27%
"Je ferais des efforts vestimentaires, je rentrerais à l'heure prévue, on passerait les dimanche à la mer, comme on faisait au tout début" Dingue dingue dingue - Christophe Maé
16%
"Chouchou faut te lever et bouger ton fessier, danser collé serré pour un baisers salé, prends-moi par le côté, fais-moi ton déhanché, la la ça va chauffer, je sens le truc monter !" Allez ola olé - Jessy Matador
4%
"Tout pas tout dit, le monde entier dépend de nous, destin fragile et monde hostile, on devient fou, tout pas tout dit mais la vie m'effraie elle a bon dos, oh oh" Oui mais... non - Mylène Farmer
3%
'Je guette les signes, amants transis plus que barons, ma vie, c'est le jeu, les vices, les cartes et les faux jetons" Peut-être que peut-être - Patrick Fiori
3%
Aucun quiz correspondant
Distribution des résultats
% des personnes avec chaque résultat
Percentile par nombre de réponses
Votre historique - résultats
Vous n’avez pas pris ce quiz